[Event "Piura op"]
[Site "Piura"]
[Date "2013.??.??"]
[Round "2"]
[White "Saavedra Valverde, Luis"]
[Black "Ascoy, Adolfo"]
[Result "1/2-1/2"]
[WhiteElo "1895"]
[BlackElo "2154"]
[PlyCount "31"]
[EventDate "2013.08.12"]
[EventType "swiss"]
[EventRounds "8"]
[EventCountry "PER"]
[SourceTitle "CBM 155 Extra"]
[Source "ChessBase"]
[SourceDate "2013.08.26"]
[SourceVersion "1"]
[SourceVersionDate "2013.08.26"]
[SourceQuality "1"]

1. e4 c5 2. Nf3 d6 3. d4 cxd4 4. Nxd4 Nf6 5. Nc3 Nc6 6. Be2 e5 7. Nb3 Be7 8. Be3 0-0 9. f3 Be6 10. Qd2 a5 11. a4 Nb4 12. 0-0 d5 13. exd5 Nfxd5 14. Nxd5 Nxd5 15. Kh1 Nxe3 16. Qxe3 1/2-1/2

[Event "Callao op"]
[Site "Callao"]
[Date "2007.08.09"]
[Round "2"]
[White "Fernandez, Fernando"]
[Black "Ascoy, Adolfo"]
[Result "0-1"]
[WhiteElo "2244"]
[BlackElo "2178"]
[PlyCount "48"]
[EventDate "2007.08.08"]
[EventType "swiss"]
[EventRounds "9"]
[EventCountry "PER"]
[SourceTitle "CBM 119 Extra"]
[Source "ChessBase"]
[SourceDate "2007.09.04"]
[SourceVersion "1"]
[SourceVersionDate "2007.09.04"]
[SourceQuality "1"]

1. d4 Nf6 2. Nf3 c5 3. d5 e6 4. Nc3 b5 5. dxe6 fxe6 6. Nxb5 d5 7. e3 a6 8. Nc3 Bb7 9. Be2 Nc6 10. 0-0 Bd6 11. e4 d4 12. Nb1 Nxe4 13. Bc4 Na5 14. Bxe6 Qe7 15. Bg4 0-0 16. Nbd2 Rae8 17. Nxe4 Qxe4 18. h3 Qd5 19. b4 h5 20. Bd7 Re7 21. Ba4 Ref7 22. bxc5 Rxf3 23. gxf3 Rxf3 24. c6 Qe5 0-1

[Event "Peru Norte-ch"]
[Site "Peru"]
[Date "2002.07.03"]
[Round "5.1"]
[White "Garcia, Jhoel"]
[Black "Ascoy, Adolfo"]
[Result "0-1"]
[WhiteElo "2126"]
[BlackElo "2202"]
[PlyCount "54"]
[EventDate "2002.07.02"]
[EventType "swiss"]
[EventRounds "9"]
[EventCountry "PER"]
[SourceTitle "EXT 2003"]
[Source "ChessBase"]
[SourceDate "2002.11.25"]
[SourceVersion "1"]
[SourceVersionDate "2002.11.25"]
[SourceQuality "1"]

1. Nf3 Nf6 2. g3 g6 3. Bg2 Bg7 4. d4 0-0 5. 0-0 d6 6. c4 Nc6 7. Nc3 a6 8. d5 Na5 9. Nd2 c5 10. a3 Qc7 11. Qc2 Rb8 12. e4 b5 13. cxb5 axb5 14. Ne2 Nd7 15. Ra2 c4 16. b4 cxb3 17. Qxc7 bxa2 18. Bb2 Bxb2 19. Qxa5 Nc5 20. Nc3 a1Q 21. Rxa1 Bxa1 22. Nxb5 Bd7 23. Bf1 Ra8 24. Qb4 Rfb8 25. Qb1 Bg7 26. Kg2 Ra5 27. a4 Rxa4 0-1

[Event "PER-ch serie D"]
[Site "Lima"]
[Date "2002.??.??"]
[Round "6"]
[White "Ascoy, Adolfo"]
[Black "Barreto Carreno, Carlos"]
[Result "1-0"]
[WhiteElo "2250"]
[BlackElo "2218"]
[PlyCount "111"]
[EventDate "2002.09.09"]
[EventType "tourn"]
[EventRounds "9"]
[EventCountry "PER"]
[SourceTitle "CBM 090 Extra"]
[Source "ChessBase"]
[SourceDate "2002.11.07"]
[SourceVersion "1"]
[SourceVersionDate "2002.11.07"]
[SourceQuality "1"]

1. d4 f5 2. Bg5 Nf6 3. Bxf6 exf6 4. g3 d5 5. c4 c6 6. cxd5 Qxd5 7. Nf3 Bb4+ 8. Nc3 0-0 9. Bg2 Be6 10. 0-0 Qd7 11. Qc2 Na6 12. a3 Be7 13. Rfd1 Rfd8 14. d5 cxd5 15. Nd4 Bf7 16. Nxf5 Rac8 17. Rd2 Bf8 18. Rad1 Nc7 19. e4 Nb5 20. exd5 g6 21. Ne3 Bxa3 22. Qd3 Nxc3 23. bxc3 Bc5 24. d6 Qa4 25. d7 Rc7 26. Nd5 Rc6 27. Qe2 Kg7 28. Nf4 Rb6 29. Bd5 Rxd7 30. Bxf7 Rxf7 31. Ne6+ Rxe6 32. Qxe6 Qc6 33. Qxc6 bxc6 34. Rd7 h5 35. Kf1 g5 36. f3 Kg6 37. g4 hxg4 38. fxg4 f5 39. Rxf7 Kxf7 40. gxf5 Kf6 41. Rd7 Kxf5 42. Rc7 Bb6 43. Rxc6 Ke4 44. Ke2 Bg1 45. h3 Kf4 46. Kd3 Kg3 47. Rh6 Bf2 48. Rg6 Kh4 49. c4 a5 50. Ke2 Bd4 51. Kf3 Kh5 52. Ra6 Bc3 53. c5 Bb4 54. c6 Bd6 55. Rxa5 Bc7 56. Ra7 1-0

[Event "PER-ch serie D"]
[Site "Lima"]
[Date "2002.??.??"]
[Round "3"]
[White "Ledesma, Otoniel"]
[Black "Ascoy, Adolfo"]
[Result "1-0"]
[WhiteElo "2215"]
[BlackElo "2250"]
[PlyCount "73"]
[EventDate "2002.09.09"]
[EventType "tourn"]
[EventRounds "9"]
[EventCountry "PER"]
[SourceTitle "CBM 090 Extra"]
[Source "ChessBase"]
[SourceDate "2002.11.07"]
[SourceVersion "1"]
[SourceVersionDate "2002.11.07"]
[SourceQuality "1"]

1. e4 c5 2. Nf3 d6 3. d4 cxd4 4. Nxd4 Nf6 5. Nc3 Nc6 6. f3 e5 7. Nb3 Be7 8. Be3 0-0 9. Qd2 Be6 10. 0-0-0 a5 11. Kb1 a4 12. Nc1 a3 13. b3 Nb4 14. Nb5 d5 15. c3 Nc6 16. Qf2 Qc8 17. Bd3 Rd8 18. h3 g6 19. g4 Rd7 20. Rhe1 Ra5 21. Bb6 Ra8 22. Bc2 Ra6 23. g5 Nh5 24. exd5 Bxd5 25. Rxd5 Rxd5 26. Nc7 Raa5 27. Nxd5 Rxd5 28. Be4 Rd7 29. h4 Nf4 30. Bc5 Qf8 31. Be3 Qd8 32. Qc2 Bf8 33. b4 h6 34. gxh6 Qxh4 35. h7+ Kxh7 36. Rg1 Bh6 37. Bxf4 1-0

[Event "PER-ch serie D"]
[Site "Lima"]
[Date "2002.??.??"]
[Round "5"]
[White "Nina, Miguel Angel"]
[Black "Ascoy, Adolfo"]
[Result "1-0"]
[WhiteElo "2238"]
[BlackElo "2250"]
[PlyCount "51"]
[EventDate "2002.09.09"]
[EventType "tourn"]
[EventRounds "9"]
[EventCountry "PER"]
[SourceTitle "CBM 090 Extra"]
[Source "ChessBase"]
[SourceDate "2002.11.07"]
[SourceVersion "1"]
[SourceVersionDate "2002.11.07"]
[SourceQuality "1"]

1. d4 Nf6 2. Nf3 g6 3. g3 Bg7 4. Bg2 0-0 5. 0-0 d5 6. c4 dxc4 7. Na3 c3 8. bxc3 c5 9. Qb3 Nc6 10. Rd1 Qa5 11. d5 Nb8 12. Ne5 Nfd7 13. Nxd7 Nxd7 14. Bb2 Rb8 15. Nc4 Qc7 16. d6 exd6 17. Nxd6 b5 18. Bh3 c4 19. Qc2 f5 20. Ba3 Nc5 21. Rab1 a6 22. Qd2 Be6 23. Qe3 b4 24. Bxb4 Ne4 25. Nxe4 Rfe8 26. Nd6 1-0

[Event "PER-ch serie D"]
[Site "Lima"]
[Date "2002.??.??"]
[Round "1"]
[White "Zapata, David"]
[Black "Ascoy, Adolfo"]
[Result "1/2-1/2"]
[WhiteElo "2000"]
[BlackElo "2250"]
[PlyCount "24"]
[EventDate "2002.09.09"]
[EventType "tourn"]
[EventRounds "9"]
[EventCountry "PER"]
[SourceTitle "CBM 090 Extra"]
[Source "ChessBase"]
[SourceDate "2002.11.07"]
[SourceVersion "1"]
[SourceVersionDate "2002.11.07"]
[SourceQuality "1"]

1. e4 c5 2. Nf3 d6 3. d4 cxd4 4. Nxd4 Nf6 5. Nc3 Nc6 6. Bg5 e6 7. Qd2 Be7 8. 0-0-0 0-0 9. Nb3 Qb6 10. f3 Rd8 11. g4 d5 12. exd5 Nxd5 1/2-1/2

[Event "PER-ch"]
[Site "Lima"]
[Date "1999.??.??"]
[Round "7"]
[White "Ascoy, Adolfo"]
[Black "Alvarado, Carlos"]
[Result "1/2-1/2"]
[WhiteElo "2195"]
[BlackElo "2030"]
[PlyCount "125"]
[EventDate "1999.02.??"]
[EventType "swiss"]
[EventRounds "9"]
[EventCountry "PER"]
[SourceTitle "CBM 073 Extra"]
[Source "ChessBase"]
[SourceDate "2000.01.11"]
[SourceVersion "1"]
[SourceVersionDate "2000.01.11"]
[SourceQuality "1"]

1. d4 Nf6 2. c4 b6 3. Nc3 Bb7 4. f3 d5 5. cxd5 Nxd5 6. e4 Nxc3 7. bxc3 e6 8. Bc4 Be7 9. Nh3 0-0 10. 0-0 c5 11. Be3 Qc8 12. Qe2 Nc6 13. Rac1 a6 14. Rfd1 b5 15. Bd3 cxd4 16. cxd4 Qd7 17. d5 exd5 18. exd5 Ne5 19. d6 Bxd6 20. Ng5 f5 21. Bc5 Bxc5+ 22. Rxc5 Qd4+ 23. Qf2 Qxf2+ 24. Kxf2 Nxd3+ 25. Rxd3 Rac8 26. Ne6 Rxc5 27. Nxc5 Bc6 28. Rd6 Rc8 29. Nxa6 Be8 30. Nb4 Rc4 31. a3 f4 32. Ke2 Rc1 33. Ra6 h6 34. g3 Rh1 35. gxf4 Rxh2+ 36. Ke3 Bf7 37. Ra8+ Kh7 38. Ra7 Bc4 39. f5 Kg8 40. Nc6 Kf8 41. Ne5 Ra2 42. Ng6+ Ke8 43. Re7+ Kd8 44. Rxg7 Rxa3+ 45. Kf4 b4 46. Ne5 Rc3 47. Rb7 b3 48. f6 Bd5 49. f7 Bxf7 50. Nxf7+ Kc8 51. Rb4 h5 52. Ng5 Kc7 53. Ne4 Rd3 54. Rc4+ Kb6 55. Rc3 Rxc3 56. Nxc3 Kc5 57. Kg5 Kd4 58. Nb1 Kd5 59. Kxh5 b2 60. f4 Ke4 61. Kg5 Kd3 62. Na3 Kc3 63. f5 1/2-1/2

[Event "PER-ch"]
[Site "Lima"]
[Date "1999.??.??"]
[Round "6"]
[White "Ramos, Ernesto"]
[Black "Ascoy, Adolfo"]
[Result "1-0"]
[WhiteElo "2280"]
[BlackElo "2195"]
[PlyCount "81"]
[EventDate "1999.02.??"]
[EventType "swiss"]
[EventRounds "9"]
[EventCountry "PER"]
[SourceTitle "CBM 073 Extra"]
[Source "ChessBase"]
[SourceDate "2000.01.11"]
[SourceVersion "1"]
[SourceVersionDate "2000.01.11"]
[SourceQuality "1"]

1. e4 c5 2. Nf3 d6 3. d4 cxd4 4. Nxd4 Nf6 5. Nc3 Nc6 6. Be3 Ng4 7. Nxc6 bxc6 8. Bc1 Qb6 9. Qd2 g6 10. h3 Nf6 11. Bd3 Bg7 12. 0-0 0-0 13. b3 Rd8 14. Bb2 e5 15. Qe2 Nh5 16. Na4 Qc7 17. c4 Qe7 18. Nc3 Nf4 19. Qf3 Qg5 20. Kh2 h5 21. Ne2 Qh4 22. Nxf4 exf4 23. Bxg7 Kxg7 24. Rae1 Be6 25. Bb1 Qf6 26. g3 fxg3+ 27. Qxg3 h4 28. Qe3 Re8 29. f4 Qd8 30. f5 Bd7 31. Qd4+ Qf6 32. Qxf6+ Kxf6 33. fxg6+ Ke5 34. Rxf7 Be6 35. Rh7 Rg8 36. Rh5+ Kf6 37. e5+ dxe5 38. Rhxe5 Bd7 39. Re7 Rad8 40. Rf7+ Kg5 41. Rg1+ 1-0

[Event "PER-ch sf"]
[Site "Lima"]
[Date "1998.??.??"]
[Round "8"]
[White "Ascoy, Adolfo"]
[Black "Belli, Mario"]
[Result "1/2-1/2"]
[WhiteElo "2230"]
[BlackElo "2390"]
[PlyCount "173"]
[EventDate "1998.??.??"]
[EventType "swiss"]
[EventRounds "11"]
[EventCountry "PER"]
[SourceTitle "EXT 2000"]
[Source "ChessBase"]
[SourceDate "1999.11.16"]
[SourceVersion "1"]
[SourceVersionDate "1999.11.16"]
[SourceQuality "1"]

1. e4 d6 2. d4 Nf6 3. Nc3 c6 4. f4 Qa5 5. Bd3 e5 6. dxe5 dxe5 7. f5 Nbd7 8. Qe2 Nc5 9. Bd2 Qc7 10. g4 h6 11. h3 Be7 12. Nf3 b5 13. Nd1 a5 14. Nf2 Bb7 15. Rg1 Na4 16. b3 Nc5 17. h4 Nfd7 18. g5 hxg5 19. hxg5 Bd6 20. Ng4 Ba6 21. f6 g6 22. Be3 Bc8 23. Nh6 Ne6 24. a4 Bb4+ 25. Kf1 bxa4 26. bxa4 Ndc5 27. Rh1 Nxd3 28. cxd3 Ba6 29. Kf2 0-0-0 30. Rhd1 Nd4 31. Qa2 Nxf3 32. Kxf3 Rhf8 33. Qc2 c5 34. Rac1 Rd6 35. Qb3 Rc6 36. Qd5 Bb7 37. Qc4 Kb8 38. Rc2 Qd7 39. Kg3 Rd6 40. Qb3 Bc6 41. Bxc5 Bxa4 42. Bxd6+ Ka7 43. Qa2 Bxd6 44. Ra1 Bxc2 45. Qxa5+ Kb7 46. Qd5+ Kb6 47. Qa5+ Kb7 48. Qa6+ Kc7 49. Qc4+ Kb7 50. Qxc2 Bc7 51. Qc4 Qd6 52. Qb5+ Bb6 53. Qa6+ Kc7 54. Rc1+ Kb8 55. Rb1 Kc7 56. Qc4+ Qc5 57. Qxc5+ Bxc5 58. Kf3 Bd4 59. Rh1 Kd6 60. Rb1 Kc6 61. Rb4 Kc7 62. Rb5 Kc6 63. Ra5 Kb6 64. Ra4 Kc6 65. Ra6+ Kb7 66. Rd6 Kc7 67. Rd5 Kc6 68. Ke2 Kc7 69. Kd2 Kc6 70. Kc2 Kc7 71. Kb3 Kc6 72. Kc4 Kc7 73. Ng4 Re8 74. Nh6 Rf8 75. Ng4 Re8 76. Nh2 Be3 77. Nf3 Bf4 78. Rc5+ Kd6 79. Rd5+ Kc7 80. d4 exd4 81. Kxd4 Ra8 82. e5 Rd8 83. Rxd8 Kxd8 84. Kd5 Kd7 85. Nd4 Bxg5 86. e6+ fxe6+ 87. Nxe6 1/2-1/2